| 000 | 01080nam a2200301 a 4500 | ||
|---|---|---|---|
| 003 | MX-MxUPN | ||
| 005 | 20220607063633.0 | ||
| 008 | 190604s2019 mx ab rb 001 0 spa d | ||
| 020 | _a9786074273175 | ||
| 035 | _aUPN01000230947 | ||
| 040 |
_aMX-MxUPN _bspa _cMX-MxUPN |
||
| 041 | 0 | _aspa | |
| 043 | _an-mx--- | ||
| 049 | _aCG | ||
| 050 | 4 |
_aHB1991 _bD5.3 |
|
| 100 | 1 |
_aDíaz Pérez, María Cristina _943670 |
|
| 245 | 1 | 3 |
_aLa violencia como causa de desplazamiento interno forzado : _baproximaciones a su análisis en México / _cMaría Cristina Díaz Pérez, Raúl Romo Viramontes. |
| 250 | _aPrimera edición. | ||
| 260 |
_aMéxico, D.F. : _bConsejo Nacional de Población, _c2019. |
||
| 300 |
_a160 páginas : _bilustraciones, gráficas, mapas. |
||
| 504 | _aIncluye referencias bibliográficas e índices. | ||
| 650 | 4 |
_aMigración forzosa _zMéxico _944731 |
|
| 650 | 4 |
_aMigración interna _zMéxico _95825 |
|
| 650 | 4 |
_aViolencia _xAspectos sociales _zMéxico _914662 |
|
| 700 | 1 |
_aRomo Viramontes, Raúl _943671 _ecoaut. |
|
| 905 | _aLibro | ||
| 999 |
_c203042 _d203042 |
||